000 00639nam a22002057a 4500
003 UA-OsUOA
001 19911
007 ta
008 20040922b un ||||| |||| 00| 0 ukr d
100 _aМатвійчук О.
942 _cBK
040 _aUA-OsUOA
_brus
_cUA-OsUOA
_dUA-OsUOA
245 _aКалинонько-вкратнонько
_bЗбірка пісень учнів молодших класів та вокального ансамблю старшокласників
300 _a46 с.
955 _a0
041 _arus
260 _aДубно
_c2000
044 _aRU
650 7 _aКраєзнавча робота
_2UDC
999 _c306084
_d306084